[Event "Chinese League"]
[Site "Qingdao CHN"]
[Date "2011.10.26"]
[Round "13"]
[White "Ni Hua"]
[Black "Ma,Zhonghan"]
[Result "1/2-1/2"]
[WhiteElo "2646"]
[BlackElo "2262"]

1.e4 e5 2.Nf3 Nf6 3.Nxe5 d6 4.Nf3 Nxe4 5.d4 d5 6.Bd3 Nc6 7.O-O Be7 8.c4 Nb4
9.Be2 O-O 10.a3 Nc6 11.cxd5 Qxd5 12.Nc3 Nxc3 13.bxc3 Bf5 14.Re1 Rfe8 15.Bf4 Rac8
16.Bd3 Qd7 17.Rb1 b6 18.Bb5 Bxb1 19.Qxb1 Bf6 20.Rd1 Qg4 21.Bg3 Ne7 22.Bxe8 Rxe8
23.Re1 Qd7 24.Qe4 c6 25.c4 Rd8 26.Bh4 Bxh4 27.Nxh4 Qe6 28.Qxe6 fxe6 29.Nf3 Nf5
30.Re4 Nd6 31.Rxe6 Nxc4 32.a4 Rd6 33.Re8+ Kf7 34.Rc8 a5 35.Ng5+ Kg6 36.f4 h6
37.Nf3 Kf5 38.g3 Ke4 39.Kf2 b5 40.Ke2 bxa4 41.Re8+ Kd5 42.Kd3 c5 43.Rc8 Nb2+
44.Kc2 a3 45.Rxc5+ Ke4 46.Rc3 Nc4 47.Rxc4 Kxf3 48.Kd3 Rb6 49.Ra4 Rb3+ 50.Kc2 Rb2+
51.Kc3 Rxh2 52.Rxa3 Kxg3 53.d5 Re2 54.d6 Re8 55.f5 Rd8 56.Kd4+ Kf4 57.Kd5 Kxf5
58.Kc6 h5 59.Kc7 Rh8 60.d7 g5 61.Rxa5+ Kg4 62.d8=Q Rxd8 63.Kxd8 h4 64.Ke7 h3
65.Kf6 h2 66.Rxg5+ Kf3 67.Rh5 Kg2 68.Ke5  1/2-1/2

[Event "Chinese League"]
[Site "Qingdao CHN"]
[Date "2011.10.27"]
[Round "14"]
[White "Liu Guanchu"]
[Black "Ni Hua"]
[Result "1/2-1/2"]
[WhiteElo "2233"]
[BlackElo "2646"]

1.e4 c5 2.Nf3 e6 3.d4 cxd4 4.Nxd4 a6 5.Bd3 Bc5 6.Nb3 Be7 7.O-O d6 8.Qg4 g6
9.Qe2 Nd7 10.a4 Ne5 11.Na3 Nf6 12.Bh6 Nfg4 13.Bd2 O-O 14.Nc4 Nxc4 15.Bxc4 Ne5
16.Bc3 Qc7 17.Nd2 Bd7 18.Bb3 b5 19.Rfd1 Qc5 20.Nf3 Bf6 21.Ne1 bxa4 22.Bxa4 Bb5
23.Bxb5 axb5 24.Nd3 Qc4 25.Rxa8 Rxa8 26.Kf1 Nd7 27.Bxf6 Nxf6 28.e5 dxe5 29.Nxe5 Qc7
30.c3 Nd5 31.Nf3 Qc5 32.Nd4 Nc7 33.Nb3 Qb6 34.g3 Nd5 35.Nd4 Nc7 36.Nb3 Rc8
37.Kg1 Nd5 38.Nd4 Rc5 39.Ra1 Nf6 40.Ra3 e5 41.Nf3 Nd7 42.Ra8+ Kg7 43.Re8 Qd6
44.Ng5 Rd5 45.Qf3 Nf6 46.Ne4 Nxe4 47.Qxe4 f5 48.Qf3 e4 49.Qe3 Rd1+ 50.Kg2 Qd3
51.Qxd3 Rxd3 52.Re5 Rd2 53.Rxb5 e3 54.Re5 Rxf2+ 55.Kg1 Re2 56.h4 Rxb2 57.Rxe3 Kh6
58.Rd3 Kh5 59.Rd4 Rc2 60.Rc4 h6 61.Kf1 g5 62.hxg5 hxg5 63.Kg1 g4 64.Kf1 Kg5
65.Kg1 Kf6 66.Rc5 Ke6 67.Kf1 Rd2 68.Kg1 Rd3 69.Kg2 Rf3 70.c4 Rc3 71.Kf2 Rc2+
72.Kg1 Re2 73.Kf1 Re5 74.Rb5 Re3 75.Kf2 Rf3+ 76.Kg2 Rc3 77.Rc5  1/2-1/2

[Event "Chinese League"]
[Site "Qingdao CHN"]
[Date "2011.10.28"]
[Round "15"]
[White "Ni Hua"]
[Black "Yu Lie"]
[Result "1-0"]
[WhiteElo "2646"]
[BlackElo "2404"]

1.e4 e5 2.Nf3 Nc6 3.d4 exd4 4.Nxd4 Bb4+ 5.c3 Bc5 6.Be3 Bb6 7.Nf5 g6 8.Bxb6 axb6
9.Ne3 Nf6 10.f3 O-O 11.c4 d6 12.Nc3 Nh5 13.Qd2 Ng7 14.O-O-O f5 15.Kb1 Be6
16.Ned5 Ne5 17.f4 Nd7 18.Bd3 fxe4 19.Nxe4 Nc5 20.g3 Nxe4 21.Bxe4 c6 22.Nc3 Bxc4
23.Qxd6 b5 24.Qxd8 Rfxd8 25.Rxd8+ Rxd8 26.Rd1 Rxd1+ 27.Nxd1 Kf7 28.Ne3 Be6
29.a3 Ne8 30.Kc2 Nf6 31.Kd3 Ke7 32.f5 Ba2 33.fxg6 Bb1+ 34.Nc2 hxg6 35.Bxg6 Ng4
36.Bh5 Nxh2 37.Be2 Kf6 38.Kc3 Kf5 39.Ne3+ Ke4 40.Ng4 Nxg4 41.Bxg4 Ke5 42.Bc8 b6
43.Bd7 Be4 44.Kd2 Kd4 45.g4 Bf3 46.g5 Be4 47.Be8 Ke5 48.Ke3 Bd5 49.Bd7 Be4
50.Be8 Bd5 51.Bg6 Bb3 52.Kf3 c5 53.Kg4 Bd1+ 54.Kh4 b4 55.axb4 cxb4 56.Bh5 Bc2
57.Bg4 Bg6 58.Bd1 Bf7 59.Bh5 Bb3 60.Be2 Bf7 61.Bd3 Be8 62.Bc2 Kf4 63.Bh7 Ke5
64.Kg4 b5 65.Bc2 Bf7 66.g6 b3 67.Bf5 Bg8 68.Kg5 b4 69.g7 Kd4 70.Kf6 Ke3 71.Be6 Bh7
72.Kg5 Kd2 73.Kh6  1-0

[Event "Moscow Open A 2012"]
[Site "Moscow RUS"]
[Date "2012.01.28"]
[Round "1"]
[White "Gorbatov,A"]
[Black "Ni Hua"]
[Result "0-1"]
[WhiteElo "2377"]
[BlackElo "2641"]

1.e4 e6 2.d4 d5 3.Nd2 c5 4.exd5 Qxd5 5.dxc5 Qxc5 6.Ne4 Qb4+ 7.Nc3 Nf6 8.Nf3 Nbd7
9.Bd3 Be7 10.O-O O-O 11.Re1 Nc5 12.a3 Qb6 13.Be3 Qc7 14.Nb5 Qd8 15.Bf1 Bd7
16.Nbd4 Qc7 17.Bg5 Bc6 18.Nxc6 bxc6 19.Qd4 Rfd8 20.Qc4 Rd5 21.b4 Ncd7 22.Qb3 Nf8
23.Bc4 Rdd8 24.Ne5 Nd5 25.Bxe7 Nxe7 26.Nxf7 Kxf7 27.Bxe6+ Nxe6 28.Qxe6+ Kf8
29.Re3 Nd5 30.Rf3+ Nf6 31.g4 Re8 32.Qc4 Qe5 33.Rd1 Qe4 34.Qxe4 Rxe4 35.g5 Rg4+
36.Rg3 Rxg3+ 37.fxg3 Nd5 38.c4 Ne3 39.Rd4 Nc2 40.Rd3 Ke7 41.Rc3 Nd4 42.Kf2 Ne6
43.h4 Rd8 44.Ke3 Rd4 45.Rc1 Kd6 46.a4 Ke5 47.b5 Re4+ 48.Kf3 Nd4+ 49.Kg2 Re2+
50.Kh3 Ra2 51.Re1+ Kd6 52.c5+ Kd7 53.Rf1 Ke7 54.Re1+ Ne6 55.bxc6 Rc2 56.Rd1 Nxc5
57.a5 a6 58.Kg4 Ke6 59.Kf4 Rc4+ 60.Kf3 Nb3 61.Rd7 Nd4+ 62.Kf2 Rc2+ 63.Ke3 Nf5+
64.Kd3 Rxc6 65.Ra7 h5 66.gxh6 gxh6 67.Rh7 Ke5  0-1

[Event "Moscow Open A 2012"]
[Site "Moscow RUS"]
[Date "2012.01.30"]
[Round "3"]
[White "Kornev,Alexei"]
[Black "Ni Hua"]
[Result "1/2-1/2"]
[WhiteElo "2530"]
[BlackElo "2641"]

1.d4 d5 2.c4 c6 3.Nc3 Nf6 4.e3 a6 5.Qc2 e6 6.Nf3 c5 7.cxd5 exd5 8.Be2 Be6
9.O-O Nc6 10.Ne5 Rc8 11.Rd1 cxd4 12.exd4 Bd6 13.Nxc6 Rxc6 14.Bg5 O-O 15.Bf3 h6
16.Bh4 Bxh2+ 17.Kxh2 Ng4+ 18.Bxg4 Qxh4+ 19.Bh3 Bxh3 20.gxh3 Qf4+ 21.Kh1 Qf3+
22.Kh2 Qf4+ 23.Kh1 Qf3+ 24.Kh2 Qf4+  1/2-1/2

[Event "Moscow Open A 2012"]
[Site "Moscow RUS"]
[Date "2012.02.02"]
[Round "6"]
[White "Ni Hua"]
[Black "Gabrielian,A"]
[Result "1-0"]
[WhiteElo "2641"]
[BlackElo "2545"]

1.e4 c5 2.Nf3 d6 3.d4 cxd4 4.Nxd4 Nf6 5.Nc3 a6 6.Be3 e6 7.Be2 Qc7 8.g4 Nc6
9.g5 Nd7 10.f4 Be7 11.Qd2 b5 12.a3 Rb8 13.f5 Nde5 14.Rf1 O-O 15.Nxc6 Qxc6
16.f6 Bd8 17.O-O-O Bc7 18.fxg7 Rd8 19.Bh5 Rd7 20.Bd4 Bb6 21.g6 fxg6 22.Bxe5 dxe5
23.Rf8+ Kxg7 24.Rxc8 Rxd2 25.Rxc6 Rxh2 26.Bg4 Bd4 27.Rxa6 b4 28.axb4 Rxb4
29.Bxe6 h5 30.Rf1 h4 31.Nd1 Bc5 32.Rf7+ Kh6 33.Bf5 Rg2 34.Rff6  1-0

[Event "Moscow Open A 2012"]
[Site "Moscow RUS"]
[Date "2012.02.03"]
[Round "7"]
[White "Kokarev,Dm"]
[Black "Ni Hua"]
[Result "1-0"]
[WhiteElo "2618"]
[BlackElo "2641"]

1.e4 e6 2.d4 d5 3.Nc3 Nf6 4.e5 Nfd7 5.f4 c5 6.Nf3 Nc6 7.Be3 cxd4 8.Nxd4 Bc5
9.Qd2 O-O 10.g3 Rb8 11.a3 a6 12.Bg2 Bxd4 13.Bxd4 b5 14.Ne2 b4 15.axb4 Rxb4
16.Bc3 Rb5 17.Nd4 Nxd4 18.Bxd4 Qe7 19.O-O Nb8 20.Rfb1 Nc6 21.Bf2 Rd8 22.Bf1 d4
23.Bxb5 axb5 24.Qd3 Qb7 25.Rd1 Rd5 26.Qe4 Qd7 27.Ra8 g6 28.g4 h6 29.Bh4 Kh7
30.Bf6 Qb7 31.Ra3 Qb6 32.Rh3 d3+ 33.Kg2 Ne7 34.Rdxd3 Ng8 35.Rxd5 exd5 36.Qe2 d4
37.Rd3 b4 38.Qd1 Qc6+ 39.Kg3 Bb7 40.Qd2 Qh1 41.Qf2 h5 42.Rxd4 hxg4 43.Rd8 Be4
44.Kh4 Bg2 45.Kg5 g3 46.Rxg8 Kxg8 47.Qb6  1-0

[Event "Moscow Open A 2012"]
[Site "Moscow RUS"]
[Date "2012.02.04"]
[Round "8"]
[White "Ni Hua"]
[Black "Frolyanov,D"]
[Result "1/2-1/2"]
[WhiteElo "2641"]
[BlackElo "2555"]

1.c4 e6 2.Nf3 d5 3.g3 Nf6 4.Bg2 dxc4 5.Qa4+ c6 6.Qxc4 b5 7.Qb3 Bb7 8.O-O Nbd7
9.d4 a6 10.Ne5 Nxe5 11.dxe5 Nd5 12.Nc3 Be7 13.Ne4 Qc7 14.Bf4 Nxf4 15.gxf4 O-O
16.a4 Rad8 17.Rfc1 Rd4 18.Qe3 Rxa4 19.Rxa4 bxa4 20.Nc5 Bxc5 21.Qxc5 Rd8 22.Bf3 g6
23.e3 Ba8 24.Rd1 Rxd1+ 25.Bxd1 Qb7 26.Qd6 c5 27.Qd8+ Kg7 28.Qf6+ Kg8 29.Qd8+ Kg7
30.Qf6+ Kg8 31.Qd8+  1/2-1/2

[Event "Moscow Open A 2012"]
[Site "Moscow RUS"]
[Date "2012.02.05"]
[Round "9"]
[White "Vidit,S"]
[Black "Ni Hua"]
[Result "1/2-1/2"]
[WhiteElo "2513"]
[BlackElo "2641"]

1.d4 d5 2.c4 c6 3.Nf3 Nf6 4.Nc3 dxc4 5.a4 e6 6.e3 c5 7.Bxc4 Nc6 8.O-O cxd4
9.exd4 Be7 10.Be3 O-O 11.Ne5 Qd6 12.Nb5 Qd8 13.Nc3 a6 14.Rc1 Qd6 15.Nxc6 bxc6
16.b3 a5 17.Qe2 Nd5 18.Ne4 Qd8 19.Bd2 Qb6 20.Rfd1 Qxd4 21.Bxa5 Qa7 22.Bc3 Nxc3
23.Rxc3 Qc7 24.Rcd3 Qe5 25.Qf3 Ba6 26.Bxa6 Rxa6 27.Rd7 Bb4 28.Rb7 Bc5 29.Nxc5 Qxc5
30.g3 Rb6 31.Rdd7 g6 32.h4 Rxb7 33.Rxb7 Qd5 34.Qxd5 exd5 35.Kf1 Re8 36.Rb6 c5
37.a5 c4 38.bxc4 dxc4 39.a6 Kg7 40.Rc6 Re5 41.Rxc4 Ra5 42.Rc6 Ra2 43.Kg2 Ra3
44.g4 h5 45.g5 Kf8 46.f3 Ke7 47.Rc7+ Ke6 48.a7 f5 49.Kg3 Ke5 50.Re7+ Kd6
51.Rb7 Ke5 52.Rb5+ Ke6 53.Rb6+ Ke5 54.Rxg6 f4+ 55.Kg2 Rxa7 56.Rb6 Ra2+ 57.Kf1 Ra1+
58.Kf2 Ra2+ 59.Ke1 Ra1+ 60.Kd2 Ra2+ 61.Kd3 Ra3+ 62.Ke2 Ra2+ 63.Ke1 Ra1+ 64.Kd2 Ra2+
65.Kd1 Ra1+ 66.Kc2 Rf1 67.Rb5+ Ke6 68.Kd3 Rxf3+ 69.Ke4 Ra3 70.Re5+ Kf7 71.Kxf4 Ra1
72.Re3 Rf1+ 73.Rf3 Ra1 74.Ke5+ Kg7 75.Rd3 Re1+ 76.Kf5 Rf1+ 77.Ke4 Rh1 78.Rd7+ Kg6
79.Rd6+ Kg7 80.Kf5 Rf1+ 81.Ke4 Ra1 82.Ke5 Ra4 83.Rd4 Ra7 84.Rd6 Ra4 85.Rd7+ Kg6
86.Rd4 Ra5+ 87.Ke6 Ra6+ 88.Rd6 Ra4 89.Ke5+ Kg7 90.Rd4 Ra7 91.Rd6 Ra4 92.Rd7+ Kg6
93.Rd4 Ra5+ 94.Kf4 Ra6 95.Rc4 Rb6 96.Ke4 Ra6 97.Rb4 Re6+ 98.Kd5 Ra6 99.Rd4 Kg7
100.Ke5 Ra5+ 101.Rd5 Ra7 102.Kf4 Rf7+ 103.Ke4 Ra7 104.Re5 Rb7 105.Re6 Ra7
106.Kf5 Ra5+ 107.Re5 Ra7 108.g6 Kh6 109.Rc5 Ra6  1/2-1/2

[Event "2nd HD Bank Cup 2012"]
[Site "Ho Chi Minh City VIE"]
[Date "2012.03.02"]
[Round "1.3"]
[White "Ni Hua"]
[Black "Tan Weiliang"]
[Result "1-0"]
[WhiteElo "2637"]
[BlackElo "2267"]

1.d4 d5 2.c4 c6 3.Nf3 Nf6 4.e3 e6 5.b3 Ne4 6.Bd3 Bb4+ 7.Nbd2 Nd7 8.O-O f5
9.Bb2 O-O 10.a3 Bd6 11.b4 Qf6 12.b5 g5 13.g3 Rd8 14.Qc2 g4 15.Nh4 Nf8 16.Bxe4 fxe4
17.a4 Bd7 18.Ba3 Ng6 19.Nxg6 hxg6 20.Nb3 cxb5 21.axb5 Rac8 22.Nc5 b6 23.Nxd7 Rxd7
24.c5 Rh7 25.Qa2 Rcc7  1-0

[Event "2nd HD Bank Cup 2012"]
[Site "Ho Chi Minh City VIE"]
[Date "2012.03.02"]
[Round "2.3"]
[White "Sukandar,I"]
[Black "Ni Hua"]
[Result "0-1"]
[WhiteElo "2349"]
[BlackElo "2637"]

1.e4 e6 2.d4 d5 3.Nc3 Nf6 4.Bg5 Be7 5.e5 Nfd7 6.h4 h6 7.Bxe7 Qxe7 8.Qg4 O-O
9.O-O-O c5 10.f4 Nc6 11.Nf3 a6 12.dxc5 f6 13.exf6 Nxf6 14.Qg6 Qxc5 15.Re1 Bd7
16.Ne5 Be8 17.Qd3 Nxe5 18.fxe5 Ng4 19.Nd1 Rc8 20.Rh3 Nf2 21.Nxf2 Rxf2 22.Be2 Rxg2
23.Qd1 Qf2  0-1

[Event "2nd HD Bank Cup 2012"]
[Site "Ho Chi Minh City VIE"]
[Date "2012.03.03"]
[Round "3.2"]
[White "Ni Hua"]
[Black "Le Tuan Minh"]
[Result "1-0"]
[WhiteElo "2637"]
[BlackElo "2123"]

1.d4 d5 2.c4 c6 3.Nf3 Nf6 4.e3 Bf5 5.Nc3 e6 6.Nh4 Bg4 7.Qb3 Qb6 8.h3 Bh5
9.g4 Bg6 10.Nxg6 hxg6 11.g5 Ne4 12.Nxe4 Qxb3 13.axb3 dxe4 14.h4 Be7 15.Bg2 f5
16.gxf6 gxf6 17.Bxe4 f5 18.Bg2 Rxh4 19.Rxh4 Bxh4 20.b4 e5 21.dxe5 Nd7 22.e6 Ne5
23.Ke2 Ke7 24.b5 Kxe6 25.b3 Bf6 26.Bb2 cxb5 27.Bxb7 Rb8 28.Ra6+ Ke7 29.Bd5 bxc4
30.Ba3+ Kd8 31.Rxf6 Rxb3 32.Ra6 Rc3 33.Rxa7 Rc2+ 34.Kd1 Rxf2 35.Bd6 c3 36.Bxe5 Rd2+
37.Ke1 Rxd5 38.Bxc3 Ke8 39.Ke2 g5 40.Bf6 g4 41.Re7+ Kf8 42.Re5 Rxe5 43.Bxe5 Kf7
44.Kd3 Ke6 45.Kd4  1-0

[Event "2nd HD Bank Cup 2012"]
[Site "Ho Chi Minh City VIE"]
[Date "2012.03.04"]
[Round "4.2"]
[White "Li Shilong"]
[Black "Ni Hua"]
[Result "0-1"]
[WhiteElo "2549"]
[BlackElo "2637"]

1.d4 d5 2.c4 c6 3.Nf3 Nf6 4.Nc3 dxc4 5.a4 e6 6.e4 Bb4 7.Bg5 h6 8.Bxf6 Qxf6
9.Bxc4 c5 10.O-O cxd4 11.Nb5 Qd8 12.Nbxd4 O-O 13.Qe2 Qe7 14.e5 b6 15.Bd3 Bb7
16.Be4 a5 17.Rfd1 Bxe4 18.Qxe4 Ra7 19.h4 Rd8 20.Nc6 Nxc6 21.Qxc6 Bc5 22.Qe4 Rad7
23.Qe2 Bd4 24.g3 Qb4 25.Nxd4 Rxd4 26.Rxd4 Rxd4 27.Rc1 Qxa4 28.Rc8+ Kh7 29.Kg2 Qb3
30.Rc3 Qd5+ 31.Qf3 h5 32.Rc7 Qxf3+ 33.Kxf3 Kg6 34.Rc3 Rb4 35.Rc2 Kf5 36.Rc7 Rb3+
37.Kg2 Kg6 38.Rc2 Rb5 39.f4 Rb3 40.Kh3 b5 41.Rd2 a4 42.Rc2 b4 43.Rd2 Kf5
44.Rd7 Rxb2 45.Rxf7+ Kg6 46.Re7 a3 47.Rxe6+ Kf5 48.Ra6 a2 49.e6 Re2  0-1

[Event "2nd HD Bank Cup 2012"]
[Site "Ho Chi Minh City VIE"]
[Date "2012.03.05"]
[Round "6.1"]
[White "Le Quang Liem"]
[Black "Ni Hua"]
[Result "1/2-1/2"]
[WhiteElo "2698"]
[BlackElo "2637"]

1.d4 d5 2.c4 c6 3.Nf3 Nf6 4.Nc3 dxc4 5.a4 Bf5 6.e3 e6 7.Bxc4 Bb4 8.O-O Nbd7
9.Nh4 O-O 10.h3 Nb6 11.Bb3 Nbd5 12.Nxf5 exf5 13.Qd3 Qd7 14.f3 Rad8 15.e4 Nc7
16.Be3 Ne6 17.e5 Nc5 18.Qc4 Nxb3 19.Qxb3 Bxc3 20.bxc3 Nd5 21.Bg5 f6 22.exf6 gxf6
23.Bh6 Rfe8 24.c4 Ne7 25.Rad1 Ng6 26.Be3 b6 27.Rfe1 Kg7 28.Qc2 Re7 29.Bf2 Rxe1+
30.Rxe1 Kf7 31.Rb1 Rg8 32.Kh1 Nf4 33.Rg1 Nh5 34.Rd1 Nf4 35.Qd2 Nxg2 36.Qh6 Rg6
37.Qxh7+ Rg7 38.Qh5+ Kg8 39.Rg1 Nf4 40.Qh6 Nd3 41.Rxg7+ Qxg7 42.Qe3 Nxf2+
43.Qxf2 Qh6 44.Kg2 f4 45.Qc2 Qg5+ 46.Kf1 Kf8 47.Qe4 Qg3 48.Qxc6 Qxh3+ 49.Ke2 Kf7
50.Qc7+ Kg6 51.Qxf4 Qg2+ 52.Ke3 Qa2 53.Qe4+ Kf7 54.Qh7+ Ke6 55.Qxa7 Qa3+
56.Kf2 Qb2+ 57.Kf1 Qxd4 58.Qc7 Qd3+ 59.Kg2 Qd2+ 60.Kg3 Qg5+ 61.Kh3 Qh6+ 62.Kg2 Qd2+
63.Kh1 Qd1+ 64.Kh2  1/2-1/2

[Event "2nd HD Bank Cup 2012"]
[Site "Ho Chi Minh City VIE"]
[Date "2012.03.06"]
[Round "7.1"]
[White "Ni Hua"]
[Black "Duong The Anh"]
[Result "1-0"]
[WhiteElo "2637"]
[BlackElo "2373"]

1.e4 e6 2.d4 d5 3.Nd2 h6 4.Ngf3 Nf6 5.e5 Nfd7 6.Bd3 c5 7.c3 Nc6 8.a3 c4 9.Bc2 b5
10.Nf1 Bb7 11.Ng3 Qc7 12.Nh5 O-O-O 13.O-O a5 14.b3 g6 15.Nf4 Nb6 16.b4 Be7
17.h3 Rdg8 18.Re1 axb4 19.axb4 Qd8 20.g3 Qe8 21.Nh2 Na8 22.Ra2 Nc7 23.Bb1 Qf8
24.Re3 Qg7 25.Rae2 h5 26.Re1 Bd8 27.h4 Ne7 28.Nh3 Nf5 29.R3e2 Qf8 30.Bg5 Bxg5
31.Nxg5 Qe7 32.Nhf3 Bc6 33.Nh3 Kb7 34.Ra2 Ra8 35.Rxa8 Rxa8 36.Nfg5 Nh6 37.Qc1 Kb6
38.Kg2 Ng8 39.Nf4 Be8 40.Bc2 Qd7 41.Qb2 Qc8 42.Ra1 Rxa1 43.Qxa1 Qa6 44.Qb2 Kc6
45.f3 Kd7 46.g4 hxg4 47.fxg4 Qa8 48.Nh7 Ke7 49.g5 Kd8 50.Nf6 Ne7 51.Kh3 Bd7
52.h5 gxh5 53.Kh4 Ne8 54.N4xh5 Nxf6 55.gxf6 Nc6 56.Kg5 Kc7 57.Kh6 Qh8+ 58.Bh7 Qf8+
59.Kg5 Qh8 60.Qb1 Qa8 61.Nf4 Qa3 62.Qe1 Qb2 63.Qg3 Qc1 64.Kh6 Nd8 65.Kg7 Kc8
66.Bg8 Be8 67.Kf8 Kd7 68.Nh5 Qh6+ 69.Ng7 Qh8 70.Qg4 Qh6 71.Qh5 Qxh5 72.Nxh5 Nc6
73.Ng7  1-0

[Event "2nd HD Bank Cup 2012"]
[Site "Ho Chi Minh City VIE"]
[Date "2012.03.07"]
[Round "9.1"]
[White "Ni Hua"]
[Black "Nguyen Ngoc Truong Son"]
[Result "1/2-1/2"]
[WhiteElo "2637"]
[BlackElo "2662"]

1.e4 c5 2.Nf3 e6 3.c3 d5 4.exd5 Qxd5 5.d4 Nf6 6.Na3 Nc6 7.Nb5 Qd8 8.dxc5 Bxc5
9.Qxd8+ Kxd8 10.Bf4 Nd5 11.Bg3 Ke7 12.Bc4 a6 13.Nbd4 Nxd4 14.Nxd4 Bxd4 15.cxd4 Bd7
16.Bxd5 exd5 17.Kd2 Rac8 18.Rac1 Rxc1 19.Rxc1 Rc8 20.Rxc8 Bxc8 21.Ke3 Bf5
22.a4 Bc2 23.a5 Bb3 24.f3 Ke6 25.Be1 Bc4 26.b4 f6 27.Bg3 Bb5 28.Bb8 Bc4 29.Bg3 Bb5
30.Bb8 Bc4  1/2-1/2

[Event "14th Dubai Open 2012"]
[Site "Dubai UAE"]
[Date "2012.04.15"]
[Round "1.10"]
[White "Nandhidhaa,P"]
[Black "Ni Hua"]
[Result "0-1"]
[WhiteElo "2160"]
[BlackElo "2637"]

1.e4 e6 2.d4 d5 3.e5 c5 4.c3 Nc6 5.Nf3 Bd7 6.Bd3 cxd4 7.cxd4 Qb6 8.Be2 Nh6
9.Nc3 Nf5 10.Na4 Qa5+ 11.Nc3 Qb6 12.Na4 Bb4+ 13.Kf1 Qd8 14.a3 Be7 15.g4 Nh4
16.Nxh4 Bxh4 17.Kg2 O-O 18.f4 f6 19.exf6 Bxf6 20.Be3 Be7 21.Rc1 Bd6 22.Rf1 b6
23.Nc3 Ne7 24.Bd3 Ng6 25.Bxg6 hxg6 26.Qd3 Qe8 27.Kg1 Rc8 28.Rce1 a5 29.Bc1 Rc4
30.Kh1 a4 31.Re2 Qf7 32.Ref2 Rfc8 33.Bd2 Qf6 34.Ne2 b5 35.Bc3 b4 36.axb4 Bxb4
37.Bxb4 Rxb4 38.g5 Qf5 39.Qa3 Qe4+ 40.Kg1 Rb3 41.Qd6 Bb5 42.Nc3 Rcxc3 43.bxc3 Bxf1
44.Rxf1 Rb2 45.Qd8+ Kh7 46.Rf2 Qe1+ 47.Rf1 Qe3+  0-1

[Event "14th Dubai Open 2012"]
[Site "Dubai UAE"]
[Date "2012.04.16"]
[Round "2.9"]
[White "Ni Hua"]
[Black "Narayanan,Sri"]
[Result "1-0"]
[WhiteElo "2637"]
[BlackElo "2378"]

1.Nf3 c5 2.c4 Nc6 3.Nc3 e5 4.e3 Nf6 5.d4 cxd4 6.exd4 e4 7.Ne5 Bb4 8.Be2 Qa5
9.O-O Nxe5 10.dxe5 Qxe5 11.Bd2 Bc5 12.Nb5 O-O 13.Bc3 Qe7 14.a3 a5 15.Nc7 Ra7
16.b4 axb4 17.axb4 Rxa1 18.Qxa1 Bxb4 19.Bxf6 Qxf6 20.Qxf6 gxf6 21.Nd5 Bc5
22.Nxf6+ Kg7 23.Nxe4 d6 24.Nxc5 dxc5 25.Rb1 Re8 26.Kf1 Bd7 27.Rxb7 Bc6 28.Rb2 Kf6
29.f4 Bd7 30.Rb7 Be6 31.Rb5 Rc8 32.Kf2 Bd7 33.Ra5 Kf5 34.Ra7 Rd8 35.g3 Ke4
36.Ra5 Rc8 37.Ra6 Be6 38.Rd6 Kf5 39.Bd3+ Kf6 40.Rb6 Kg7 41.f5 Bd7 42.Be4 Rd8
43.Rd6  1-0

[Event "14th Dubai Open 2012"]
[Site "Dubai UAE"]
[Date "2012.04.17"]
[Round "3.4"]
[White "Miezis,N"]
[Black "Ni Hua"]
[Result "0-1"]
[WhiteElo "2557"]
[BlackElo "2637"]

1.c4 e5 2.g3 c6 3.d4 Bb4+ 4.Bd2 Bxd2+ 5.Qxd2 d6 6.Nc3 Nf6 7.dxe5 dxe5 8.Qxd8+ Kxd8
9.Nf3 Nbd7 10.Bg2 h6 11.Nd2 Kc7 12.b4 Rd8 13.a4 a5 14.b5 Nc5 15.bxc6 bxc6
16.Nb5+ Kb6 17.Rb1 Bf5 18.e4 Be6 19.Nc3+ Kc7 20.Ke2 Rd4 21.Rhc1 Bxc4+ 22.Nxc4 Rxc4
23.Ke3 Rd8 24.Nd1 Rxc1 25.Rxc1 Nxa4 26.f3 Rb8 27.Bf1 Rb3+ 28.Kf2 Nb2 29.Ne3 a4
30.Bc4 Nxc4 31.Nxc4 Nd7 32.Ke2 Rb5 33.Ra1 Nc5 34.Nxe5 Nb3 35.Rxa4 Rxe5 36.Ra7+ Kd6
37.Rxf7 Re7 38.Rf8 Nd4+ 39.Ke3 Ne6 40.Ra8 Rb7 41.f4 Rb3+ 42.Kf2 Nc5 43.e5+ Kd5
44.Kg2 Ne6 45.Ra7 c5 46.f5 Rb2+ 47.Kf1 Nd4 48.f6 gxf6 49.exf6 Rb6 50.f7 Rf6+
51.Ke1 Nf3+ 52.Ke2 Ne5 53.Ra6 Nc6  0-1

[Event "14th Dubai Open 2012"]
[Site "Dubai UAE"]
[Date "2012.04.18"]
[Round "4.2"]
[White "Ni Hua"]
[Black "Kravtsiv,M"]
[Result "1-0"]
[WhiteElo "2637"]
[BlackElo "2588"]

1.Nf3 Nf6 2.c4 e6 3.g3 d5 4.Bg2 Be7 5.O-O O-O 6.d4 dxc4 7.Qc2 a6 8.a4 Bd7
9.Qxc4 Bc6 10.Bf4 a5 11.Nc3 Na6 12.Rac1 Nb4 13.Ne5 Bxg2 14.Kxg2 Nfd5 15.Nxd5 Nxd5
16.Bd2 c6 17.Rfd1 Bb4 18.Bxb4 Nxb4 19.e4 Qe7 20.Qc5 Qc7 21.Nc4 Rfd8 22.Nb6 Ra6
23.d5 h6 24.Rc3 exd5 25.Nxd5 Nxd5 26.Rxd5 Re8 27.Rd4 Qe7 28.Qxe7 Rxe7 29.Rb3 Ra8
30.f4 f6 31.Kf3 Kf7 32.Rb6 Ke8 33.h4 Rd8 34.Ke3 Rxd4 35.Kxd4 Kd8 36.e5 fxe5+
37.fxe5 Ke8 38.e6 Rxe6 39.Rxb7 Rg6 40.b4 Rxg3 41.bxa5 Rg4+ 42.Kc5 Rxa4 43.Kb6 g5
44.hxg5 hxg5 45.a6 Kf8 46.a7 g4 47.Rb8+ Kf7 48.a8=Q Rxa8 49.Rxa8 Kf6 50.Ra5  1-0

[Event "14th Dubai Open 2012"]
[Site "Dubai UAE"]
[Date "2012.04.22"]
[Round "8.4"]
[White "Ni Hua"]
[Black "Miroshnichenko,E"]
[Result "1/2-1/2"]
[WhiteElo "2637"]
[BlackElo "2624"]

1.e4 c5 2.Nf3 d6 3.d4 cxd4 4.Nxd4 Nf6 5.Nc3 a6 6.Be3 e5 7.Nb3 Be6 8.h3 h5
9.f4 exf4 10.Bxf4 Nc6 11.Qe2 h4 12.O-O-O Nh5 13.Qd2 Nxf4 14.Qxf4 g6 15.Kb1 Ne5
16.Be2 Bg7 17.Nd5 Rc8 18.Rhf1 O-O 19.Nf6+ Bxf6 20.Qxf6 Qxf6 21.Rxf6 Kg7 22.Rf2 Rfd8
23.Nd4 d5 24.Nxe6+ fxe6 25.exd5 Rxd5 26.Rxd5 exd5 27.Kc1 Rf8 28.Rxf8 Kxf8
29.Kd2 Ke7 30.Ke3 g5 31.c3  1/2-1/2

[Event "14th Dubai Open 2012"]
[Site "Dubai UAE"]
[Date "2012.04.23"]
[Round "9.7"]
[White "Ni Hua"]
[Black "Kuzubov,Y"]
[Result "1-0"]
[WhiteElo "2637"]
[BlackElo "2615"]

1.e4 c5 2.Nf3 d6 3.d4 cxd4 4.Qxd4 Nc6 5.Bb5 Bd7 6.Qd3 Nf6 7.c4 g6 8.Nc3 Bg7
9.O-O O-O 10.h3 a6 11.Bxc6 Bxc6 12.Nd4 Rc8 13.Re1 Nd7 14.b3 Nc5 15.Qe3 Ne6
16.Nxe6 fxe6 17.Bb2 Qa5 18.Re2 Bd7 19.Nd1 Qc5 20.Bxg7 Qxe3 21.Nxe3 Kxg7 22.e5 d5
23.cxd5 exd5 24.Nxd5 Be6 25.Rd1 Rc5 26.Red2 Kf7 27.f4 Ke8 28.Nb4 a5 29.Nd3 Rc3
30.g4 Kf7 31.Rc1 Rfc8 32.Rxc3 Rxc3 33.Nf2 h6 34.Kg2 b5 35.Nd1 Rc5 36.Ne3 Ke8
37.Rc2 Rxc2+ 38.Nxc2 b4 39.Kf3 Bd5+ 40.Ke3 Bg2 41.h4 Bh3 42.Kd4 Bxg4 43.Kc5 Kf7
44.Nd4 g5 45.fxg5 hxg5 46.hxg5 Kg6 47.Kb6 Kxg5 48.Kxa5 Kf4 49.Nc6 Bd7 50.Nxe7 Kxe5
51.Kxb4 Ke6 52.Ng6 Kf5 53.Nf8 Be8 54.Kc5 Bf7 55.Nd7 Ke4 56.Nb6 Kd3 57.Kb4 Kc2
58.Nc4 Be6 59.a4 Bc8 60.a5 Ba6 61.Nd6 Kd3 62.Nb5  1-0

[Event "TCh-CHN 2012"]
[Site "Beijing CHN"]
[Date "2012.04.29"]
[Round "2"]
[White "Zhou Weiqi"]
[Black "Ni Hua"]
[Result "1/2-1/2"]
[WhiteElo "2628"]
[BlackElo "2637"]

1.d4 d5 2.c4 c6 3.Nf3 Nf6 4.e3 Bg4 5.h3 Bxf3 6.Qxf3 e6 7.Bd3 Bb4+ 8.Bd2 Bxd2+
9.Nxd2 O-O 10.O-O Nbd7 11.Rfd1 Qe7 12.Rac1 Rfe8 13.Bb1 g6 14.a3 a5 15.Qf4 e5
16.dxe5 Nxe5 17.cxd5 Nxd5 18.Qg3 Nf6 19.Nf3 Nxf3+ 20.Qxf3 Rad8 21.Qf4 Rxd1+
22.Rxd1 Qe5 23.Qd4 Qxd4 24.Rxd4 Re7 25.Kf1 Rd7 26.Rxd7 Nxd7 27.Ke2 Kf8 28.Ba2 Ke7
29.h4 Nc5 30.Kd2 Ne4+ 31.Ke2 Nc5 32.Kd2  1/2-1/2

[Event "Asian Continental 2012"]
[Site "Ho Chi Minh City VIE"]
[Date "2012.05.05"]
[Round "1.3"]
[White "Ni Hua"]
[Black "Liu Qingnan"]
[Result "0-1"]
[WhiteElo "2673"]
[BlackElo "2483"]

1.e4 d6 2.d4 g6 3.Nc3 Bg7 4.Be3 a6 5.a4 Nc6 6.h3 e5 7.Nf3 exd4 8.Nxd4 Nf6
9.g3 O-O 10.Bg2 Bd7 11.O-O Re8 12.Nde2 Nb4 13.a5 c5 14.Bf4 Bc6 15.Bxd6 Nxe4
16.Nxe4 Bxe4 17.Bxe4 Rxe4 18.c3 Nc6 19.Nf4 Nxa5 20.Qf3 f5 21.Bxc5 Nc4 22.Rad1 Qc7
23.b4 Rae8 24.Bd4 Qc6 25.Bxg7 Kxg7 26.Qd3 Ne5 27.Qd5 Rc4 28.Qxc6 Rxc6 29.Kg2 Rxc3
30.Rfe1 Kf8 31.Rd5 Nf7 32.Ne6+ Kg8 33.Rd7 Rc6 34.Ng5 Rxe1 35.Nxf7 Rb6 36.Nh6+ Kf8
37.Rxh7 Re7  0-1

[Event "Asian Continental 2012"]
[Site "Ho Chi Minh City VIE"]
[Date "2012.05.07"]
[Round "3.33"]
[White "Tran Tuan Minh"]
[Black "Ni Hua"]
[Result "0-1"]
[WhiteElo "2266"]
[BlackElo "2673"]

1.d4 Nf6 2.Nf3 e6 3.c4 Bb4+ 4.Bd2 a5 5.a3 Bxd2+ 6.Nbxd2 d6 7.e3 Qe7 8.Qc2 e5
9.dxe5 dxe5 10.c5 O-O 11.Rc1 Nc6 12.Bb5 e4 13.Bxc6 bxc6 14.Nd4 Ba6 15.Nc4 Qxc5
16.O-O Rfd8 17.Rfe1 Rd5 18.Nd2 Qxc2 19.Rxc2 c5 20.Nc6 Kf8 21.Nb3 c4 22.Nbxa5 Bb5
23.b4 cxb3 24.Nxb3 Ba4 25.Ncd4 Rb8 26.Rc3 Nd7 27.Na1 c5 28.Ndc2 Rb2 29.Rc4 Bb5
30.Rc3 Rd3  0-1

[Event "Asian Continental 2012"]
[Site "Ho Chi Minh City VIE"]
[Date "2012.05.08"]
[Round "4.25"]
[White "Ni Hua"]
[Black "Le Quang Long"]
[Result "1-0"]
[WhiteElo "2673"]
[BlackElo "2351"]

1.e4 c6 2.d4 d5 3.e5 Bf5 4.Nf3 e6 5.Be2 Ne7 6.c3 Nd7 7.O-O Bg4 8.Nbd2 Nc8
9.Ne1 Bxe2 10.Qxe2 Ne7 11.Nd3 h5 12.Nf3 Nf5 13.b3 Be7 14.Rd1 g5 15.Nfe1 Qa5
16.b4 Qc7 17.a4 a5 18.Nc2 Nb6 19.Nb2 Kd7 20.Bd2 axb4 21.cxb4 Rag8 22.b5 cxb5
23.Ba5 Bd8 24.Ne3 Nxe3 25.fxe3 Ke8 26.axb5 Qd7 27.Bxb6 Bxb6 28.Na4 Qd8 29.Rf1 Kf8
30.Rf6 Rg6 31.Nxb6 Qxb6 32.Qf3  1-0

[Event "Asian Continental 2012"]
[Site "Ho Chi Minh City VIE"]
[Date "2012.05.09"]
[Round "5.14"]
[White "Laylo,D"]
[Black "Ni Hua"]
[Result "0-1"]
[WhiteElo "2502"]
[BlackElo "2673"]

1.d4 Nf6 2.c4 e6 3.Nf3 Bb4+ 4.Nbd2 O-O 5.a3 Be7 6.Qc2 d5 7.e3 b6 8.Bd3 c5
9.O-O cxd4 10.exd4 dxc4 11.Nxc4 Bb7 12.Nce5 Qd5 13.Bg5 Rc8 14.Qe2 Nc6 15.Rad1 h6
16.Bxf6 Bxf6 17.Rfe1 Nxd4 18.Bh7+ Kxh7 19.Rxd4 Qb3 20.Rd3 Qc2 21.Rd2 Bxf3
22.gxf3 Qf5 23.Rd7 Rc2 24.Qe4 Qxe4 25.Rxe4 Bxe5 26.Rxe5 Kg6 27.Re4 h5 28.Rf4 f6
29.Rb4 e5 30.Kg2 Rac8 31.f4 R8c7 32.Rxc7 Rxc7 33.fxe5 fxe5 34.Re4 Kf5 35.Re2 Kf4
36.Rd2 g5 37.h3 g4 38.h4 e4 39.a4 a5 40.Rd8 Rc2 41.Rf8+ Ke5 42.Rh8 Rxb2 43.Rxh5+ Kf4
44.Rh8 g3 45.Rf8+ Kg4 46.Rg8+ Kxh4 47.Rxg3 Rb4 48.Rg6 Kh5 49.Rc6 Kg4 50.Kf1 Kf4
51.Ke2 Rb2+ 52.Ke1 Ke5 53.Rc3 Kd4 54.Ra3 Kc5 55.Re3 Rb4 56.Ra3 Rb1+ 57.Kd2 Kb4
58.Re3 Kxa4 59.Rxe4+ Kb3 60.f4 a4 61.Re3+ Kb4 62.Kc2 Rf1 63.Re4+ Ka5 64.Kd2 a3  0-1